000 00535nam a22002057a 4500
001 00260
003 DO-SdBNP
005 20180201141108.0
008 151210b 2000 nyu ||||| |||| 00| 0 spa d
020 _a0064472256
040 _aBPMSU
_bspa
_cBPMSU
092 _axxxxx
_bxxxxx
100 1 _aHowe, Norma
245 1 0 _aThe adventures of Blue Avenger /
_cNorma Howe.
260 _aNew York :
_bHarper Tempest,
_c2000.
300 _a229 p. ;
_c18 cm.
942 _2ddc
_cBK
945 _ainventariado, 2018 /LP
956 _aLOPEREZ
_b10
999 _c9090
_d9090